00586nam a2200169 a 4500008004100000050002200041100002400063245006100087260004000148300000900188350000900197490002900206500007600235650001700311650003200328650005600360071012s1995 ||||||||||||||||| || u aIBRD(06)AS/1995/2 aWolfensohn, James D10aNew directions and new partnershipscJames D. Wolfensohn aWashington, D. C.bWorld Bankc1995 a23p. a0.00 aAddresses and statements aAddress to the Board of Governors Washington, D. C. , October 10, 1995. aPARTNERSHIPS 0aAFRICA--ECONOMIC CONDITIONS aWORLD BANK--PRESIDENTS--ADDRESSES, ESSAYS, LECTURES